Ładuje się......

Nataraja in South Indian art

Opis bibliograficzny
1. autor: Soundararajan, J; Author
Format: Printed Book
Wydane: Delhi, Sharada Publishing House 2004
Hasła przedmiotowe:
LEADER 007350000a22002170004500
020 |a 81-88934-05-4 
082 |a 704.948 945 211 3 P4 
100 |a Soundararajan, J; Author 
245 |a Nataraja in South Indian art 
250
260 |a Delhi, Sharada Publishing House  |e 2006 
260 |c 2004 
460 |a 219p 
465 |a Rs.1,950.00 
500 |a Includes bibliographical index 
500 |a J Soundararajan 
650 |a Nataraja (Hindu deity)-Iconography 
650 |a Nataraja (Hindu deity)-Idols and images 
942 |c BK 
999 |c 41503  |d 41503 
952 |0 0  |1 0  |4 0  |6 704_948000000000000_945_211_3_  |7 0  |8 ENG  |9 42087  |a MGUL  |b MGUL  |d 2013-07-16  |e Rs.1,950.00  |l 2  |m 1  |o 704.948 945 211 3 P4  |p 40014  |r 2017-05-05  |s 2017-03-15  |w 2013-07-16  |y BK